000 01019nas a2200289 4500
001 BR9805167
003 BR-BrBNA
005 20231205101142.0
007 ta
008 230509b bl.|||p| |||| 00| 00por d
040 _aBR-BrBNA
_bpor
_cBiblioteca Nacional de Agricultura
041 _a(Pt)
072 _aF30; F50
100 1 _aVidigal, M.C.G.
100 1 _aVidigal Filho, P.S.
100 1 _aAmaral Junior, A.T.
100 1 _aBraccini, A. de L. e
245 1 _aAnalise de parametros geneticos e correlacoes simples e canonicas entre caracteristicas morfoagronomicas e da qualidade das raizes em cultivares de mandioca (Manihot esculenta Crantz)adaptadas ao noroeste paranaense
650 _aMandioca
650 _aGenetica Vegetal
650 _aRaiz Alimenticia
650 _aMorfologia Vegetal
650 _aPARANÁ
773 0 _tRevista Brasileira de Mandioca (Brazil)
_xISSN 0101-563X
_g(Jul 1997), v. 16(1) p. 41-49
_wBR9805167
909 _a202311
_bLúcia
_c55
_dLúcia Elande
942 _2AGRIS
_n0
_cANA
999 _c160079
_d160079